000 00641cam a22002293a 4500
001 29422
003 PGUSA
005 20140828083633.0
008 090716s2009||||xxu|||||s|||||000 | eng d
040 _aPGUSA
_beng
042 _adc
050 4 _aQH
100 1 _aSchmucker, Samuel Christian,
_d1860-
245 1 4 _aThe Meaning of Evolution
_h[electronic resource] /
_cSamuel Christian Schmucker
260 _bProject Gutenberg,
_c2009
506 _aPublic domain in the USA.
516 _aElectronic text
653 _aEvolution
830 0 _aProject Gutenberg
_v29422
856 4 0 _uhttp://www.gutenberg.org/ebooks/29422
942 _cEB
999 _c258677
_d258677